[Event "SLO-chT1 East"]
[Site "Slovenia"]
[Date "2016.11.11"]
[Round "4"]
[White "Glavac, Igor"]
[Black "Gabor, Matija"]
[Result "1-0"]
[WhiteElo "1862"]
[BlackElo "1970"]
[PlyCount "67"]
[EventDate "2016.09.23"]
[EventType "team-tourn"]
[EventRounds "9"]
[EventCountry "SLO"]
[SourceTitle "EXT 2019"]
[Source "ChessBase"]
[SourceDate "2018.10.10"]
[SourceVersion "1"]
[SourceVersionDate "2018.10.10"]
[SourceQuality "1"]
[WhiteTeam "Sevnica Majcen"]
[BlackTeam "Pomgrad Radenska II"]
[WhiteTeamCountry "SLO"]
[BlackTeamCountry "SLO"]

1. d4 Nf6 2. c4 d6 3. Nf3 g6 4. g3 Bg7 5. Bg2 0-0 6. 0-0 Nbd7 7. Nc3 c6 8. e4 e5 9. d5 c5 10. Rb1 Nh5 11. b4 f5 12. Ng5 Ndf6 13. Ne6 Bxe6 14. dxe6 Qe7 15. exf5 gxf5 16. bxc5 dxc5 17. Rxb7 Qxe6 18. Nd5 Rad8 19. Qa4 e4 20. Bg5 Nxd5 21. Bxd8 Nc3 22. Qa5 Qc8 23. Rxg7+ Nxg7 24. Be7 Ne2+ 25. Kh1 Rf7 26. Bxc5 Rc7 27. Be3 Rxc4 28. Rd1 Rc7 29. Bh3 h5 30. Bh6 Qb7 31. Bg2 Qb6 32. Qe5 Nc3 33. Be3 Nxd1 34. Bxb6 1-0

[Event "SLO-chT1 East"]
[Site "Celje"]
[Date "2014.10.17"]
[Round "6"]
[White "Kodric, Tilen"]
[Black "Gabor, Matija"]
[Result "1/2-1/2"]
[WhiteElo "1706"]
[BlackElo "1989"]
[PlyCount "77"]
[EventDate "2014.10.09"]
[EventType "team-tourn"]
[EventRounds "9"]
[EventCountry "SLO"]
[SourceTitle "EXT 2019"]
[Source "ChessBase"]
[SourceDate "2018.10.10"]
[SourceVersion "1"]
[SourceVersionDate "2018.10.10"]
[SourceQuality "1"]
[WhiteTeam "Maribor ZSK II"]
[BlackTeam "Radenska Pomgrad II"]
[WhiteTeamCountry "SLO"]
[BlackTeamCountry "SLO"]

1. Nf3 e6 2. d4 d5 3. Bf4 Bd6 4. Bg3 Nf6 5. Nbd2 b6 6. Ne5 Nh5 7. e4 Nxg3 8. hxg3 Bxe5 9. dxe5 Bb7 10. Qg4 g6 11. 0-0-0 Qe7 12. Bd3 Nd7 13. exd5 exd5 14. e6 Nf6 15. exf7+ Kxf7 16. Qf4 Qd6 17. Qg5 Rae8 18. Rde1 Rxe1+ 19. Rxe1 Re8 20. Rh1 Qe5 21. Qxe5 Rxe5 22. Nf3 Re7 23. Kd2 Kg7 24. Re1 Rxe1 25. Nxe1 Nd7 26. Ke3 Kf6 27. Nf3 Nf8 28. a4 Ne6 29. b4 Bc8 30. Bb5 Bb7 31. Nd2 Ke7 32. a5 Kd6 33. axb6 axb6 34. Nf3 Ba8 35. Be8 Ke7 36. Ba4 Kd8 37. Nd2 Bb7 38. Bb5 Ke7 39. Ba4 1/2-1/2

[Event "SLO-chT1 East"]
[Site "Celje"]
[Date "2008.12.19"]
[Round "6"]
[White "Pirs, Matjaz1"]
[Black "Gabor, Matija"]
[Result "1/2-1/2"]
[WhiteElo "1868"]
[BlackElo "2018"]
[PlyCount "22"]
[EventDate "2008.11.20"]
[EventType "tourn"]
[EventRounds "9"]
[EventCountry "SLO"]
[SourceTitle "EXT 2010"]
[Source "ChessBase"]
[SourceDate "2010.11.25"]
[SourceVersion "1"]
[SourceVersionDate "2010.11.25"]
[SourceQuality "1"]

1. e4 c6 2. d4 d5 3. exd5 Qxd5 4. Nc3 Qa5 5. Bc4 Nf6 6. h3 Bf5 7. Nge2 e6 8. 0-0 Bd6 9. Bf4 Qc7 10. Bxd6 Qxd6 11. Ng3 Bg6 1/2-1/2

[Event "SLO-chT 06th"]
[Site "Bled"]
[Date "1996.??.??"]
[Round "7"]
[White "Gabor, Matija"]
[Black "Kastelic, Marian"]
[Result "1/2-1/2"]
[WhiteElo "2125"]
[BlackElo "2240"]
[PlyCount "91"]
[EventDate "1996.??.??"]
[EventType "team-tourn"]
[EventRounds "7"]
[EventCountry "SLO"]
[SourceTitle "CBM 055 Extra"]
[Source "ChessBase"]
[SourceDate "1997.01.01"]
[SourceVersion "1"]
[SourceVersionDate "1997.01.01"]
[SourceQuality "1"]
[WhiteTeam "Radenska Pomgrad"]
[BlackTeam "Krsko Triglav"]
[WhiteTeamCountry "SLO"]
[BlackTeamCountry "SLO"]

1. e4 c5 2. Nf3 Nc6 3. d4 cxd4 4. Nxd4 Nf6 5. Nc3 d6 6. Be2 e5 7. Nb3 Be6 8. Be3 Be7 9. f3 0-0 10. Qd2 a5 11. Rd1 a4 12. Nc1 a3 13. b3 Nb4 14. Nb1 d5 15. c3 Nc6 16. exd5 Nxd5 17. 0-0 Nxe3 18. Qxe3 Qc7 19. Kh1 Rfd8 20. Rxd8+ Bxd8 21. Bd3 f5 22. Bc2 Bf6 23. Rd1 Nb4 24. Qe2 Nxc2 25. Qxc2 b5 26. Qe2 Qb6 27. Qd2 e4 28. Qd6 Rd8 29. Qxb6 Rxd1+ 30. Qg1 Rxg1+ 31. Kxg1 Bg5 32. Ne2 Be3+ 33. Kf1 exf3 34. gxf3 Bxb3 35. Nxa3 Bxa2 36. Nxb5 Kf7 37. Ke1 Kf6 38. Ned4 Ke5 39. Ke2 Kf4 40. Kd3 Bb1+ 41. Ke2 Bg1 42. Ne6+ Ke5 43. Nxg7 Bxh2 44. Nd4 Bg1 45. Ndxf5 Bxf5 46. Nxf5 1/2-1/2

[Event "SLO-chT 06th"]
[Site "Bled"]
[Date "1996.??.??"]
[Round "1"]
[White "Gabor, Matija"]
[Black "Simic, Dragan"]
[Result "1/2-1/2"]
[WhiteElo "2125"]
[BlackElo "2300"]
[PlyCount "83"]
[EventDate "1996.??.??"]
[EventType "team-tourn"]
[EventRounds "7"]
[EventCountry "SLO"]
[SourceTitle "CBM 055 Extra"]
[Source "ChessBase"]
[SourceDate "1997.01.01"]
[SourceVersion "1"]
[SourceVersionDate "1997.01.01"]
[SourceQuality "1"]
[WhiteTeam "Radenska Pomgrad"]
[BlackTeam "Maribor SK Piramida"]
[WhiteTeamCountry "SLO"]
[BlackTeamCountry "SLO"]

1. e4 c5 2. Nf3 Nc6 3. d4 cxd4 4. Nxd4 Qc7 5. Nc3 e6 6. Be2 a6 7. Be3 Nf6 8. a4 Bb4 9. f3 d5 10. 0-0 Nxd4 11. Qxd4 Bxc3 12. bxc3 0-0 13. e5 Nd7 14. f4 Nb8 15. Rf3 Nc6 16. Qd3 Ne7 17. a5 Bd7 18. Rh3 Ng6 19. Bb6 Qc4 20. Qxc4 dxc4 21. Rf1 Rfc8 22. Re3 Ne7 23. Re4 Bb5 24. g4 Nd5 25. Bd4 Bc6 26. Bf3 Ne7 27. Ree1 Bxf3 28. Rxf3 Nd5 29. Rb1 Rc7 30. Rff1 Rd7 31. Kg2 Rc8 32. Kf3 Kf8 33. h4 Ke7 34. h5 Kd8 35. f5 Kc7 36. Ke4 Re8 37. Ra1 Kb8 38. Ra4 Rc8 39. Raa1 Nc7 40. Rf3 Nd5 41. Raf1 Kc7 42. g5 1/2-1/2